[Event "30th WCh U20 Girls"]
[Site "Athens GRE"]
[Date "2012.08.15"]
[Round "13"]
[White "Dominguez, Gisella"]
[Black "Kolaric, Spela"]
[Result "1/2-1/2"]
[WhiteElo "1831"]
[BlackElo "2071"]
[EventDate "2012.08.02"]
[PlyCount "80"]

1.Nf3 Nf6 2.g3 d5 3.Bg2 Bg4 4.d3 c6 5.Nbd2 Nbd7 6.O-O e5 7.e4 dxe4 8.dxe4 
Be7 9.Qe2 O-O 10.Rd1 Qc7 11.a4 a5 12.b3 Nc5 13.Bb2 Nfd7 14.Nc4 f6 15.Ne3 
Be6 16.Nh4 g6 17.Ng4 Rfd8 18.Rf1 Bf8 19.f4 Bxg4 20.Qxg4 Bg7 21.Rad1 Nf8 
22.fxe5 fxe5 23.Nf3 Nxa4 24.Ba3 Nc3 25.Rxd8 Rxd8 26.Ng5 c5 27.Ne6 Qd7 28.
Bh3 Nxe6 29.Qxe6+ Qxe6 30.Bxe6+ Kh8 31.Bxc5 Nxe4 32.Be3 Bf8 33.Kh1 Bg7 34.
Ra1 Ra8 35.Bd5 Nd6 36.Bc5 Bf8 37.Bxd6 Bxd6 38.Bxb7 Ra7 39.Bd5 Kg7 40.c4 
Bc5 1/2-1/2

[Event "30th WCh U20 Girls"]
[Site "Athens GRE"]
[Date "2012.08.15"]
[Round "13"]
[White "Koutsogiannopoulou, Theodora"]
[Black "Chiarion, Elisa"]
[Result "0-1"]
[WhiteElo "1897"]
[BlackElo "1978"]
[EventDate "2012.08.02"]
[PlyCount "100"]

1.Nf3 d5 2.g3 c6 3.Bg2 Bg4 4.Ne5 Bf5 5.d3 e6 6.O-O Nf6 7.Nd2 Bd6 8.e4 Bg6 
9.Nxg6 hxg6 10.d4 dxe4 11.Nxe4 Nxe4 12.Bxe4 Nd7 13.c4 Qf6 14.d5 exd5 15.
cxd5 c5 16.Qa4 O-O-O 17.Bg2 Kb8 18.Be3 Ne5 19.f3 b6 20.a3 Nd3 21.Qc2 Ne5 
22.b4 c4 23.Rad1 Rc8 24.Bd4 g5 25.f4 gxf4 26.Rxf4 Qh6 27.Rh4 Qg5 28.Re4 
Ng4 29.h3 Nf6 30.Bxf6 gxf6 31.Rg4 Qe3+ 32.Qf2 Qxa3 33.Qxf6 Qxb4 34.Qxf7 
Qb3 35.Rf1 c3 36.Qd7 Rhd8 37.Qe6 c2 38.Rc1 Qa3 39.Qh6 Bc5+ 40.Kh2 Bd6 41.
Qd2 Qc3 42.Qh6 Qd3 43.Rg7 b5 44.Ra1 Rc7 45.Rxc7 Bxc7 46.Qg7 Qe3 47.Qb2 
Qxg3+ 48.Kg1 Qh2+ 49.Kf1 Rf8+ 50.Ke1 Bg3+ 0-1

[Event "30th WCh U20 Girls"]
[Site "Athens GRE"]
[Date "2012.08.15"]
[Round "13"]
[White "Medeiros, Thauane Ferreira"]
[Black "Terzidaki, Alexandra"]
[Result "1-0"]
[WhiteElo "1855"]
[BlackElo "1958"]
[EventDate "2012.08.02"]
[PlyCount "65"]

1.d4 e6 2.e3 Nf6 3.Bd3 c5 4.c3 Nc6 5.f4 Be7 6.Nf3 b6 7.Nbd2 Qc7 8.O-O Bb7 
9.Qe2 h5 10.Nc4 d6 11.e4 O-O-O 12.dxc5 dxc5 13.a4 Ng4 14.h3 Nh6 15.Nfe5 
Nxe5 16.fxe5 f5 17.a5 b5 18.a6 Ba8 19.Nd6+ Bxd6 20.exd6 Qxd6 21.Bxb5 Bxe4 
22.Bg5 Ng4 23.hxg4 hxg4 24.Bf4 e5 25.Rad1 Qb6 26.Rxd8+ Rxd8 27.Be3 g3 28.
b4 Kb8 29.Rd1 f4 30.Rxd8+ Qxd8 31.Bxf4 Bxg2 32.Qxe5+ Ka8 33.Kxg2 1-0

[Event "30th WCh U20 Girls"]
[Site "Athens GRE"]
[Date "2012.08.15"]
[Round "13"]
[White "Forsa, Elise"]
[Black "Vatkali, Dimitra"]
[Result "1-0"]
[WhiteElo "1836"]
[BlackElo "1936"]
[EventDate "2012.08.02"]
[PlyCount "65"]

1.e4 c6 2.d4 d5 3.Nc3 dxe4 4.Nxe4 Nd7 5.Nf3 Ngf6 6.Ng3 e6 7.Bd3 Bd6 8.Qe2 
O-O 9.Be3 Qc7 10.O-O b6 11.c4 Bb7 12.Rad1 Rac8 13.Kh1 Rfd8 14.Ng5 c5 15.
dxc5 Nxc5 16.Bxc5 Bxc5 17.N3e4 Nxe4 18.Bxe4 h6 19.Bxb7 Qxb7 20.Ne4 Be7 21.
h3 Qc7 22.b3 Qf4 23.Nc3 Bd6 24.g3 Qf5 25.Kg2 Qa5 26.Qc2 Bb4 27.Ne2 Qc5 28.
Nf4 Qc6+ 29.Kg1 b5 30.Nd3 Bd6 31.c5 Be7 32.b4 Qe4 33.a3 1-0

[Event "30th WCh U20 Girls"]
[Site "Athens GRE"]
[Date "2012.08.15"]
[Round "13"]
[White "Messam-Sparks, Lateefah"]
[Black "Psofimi, Milia"]
[Result "1-0"]
[WhiteElo "1947"]
[BlackElo "1437"]
[EventDate "2012.08.02"]
[PlyCount "73"]

1.d4 Nf6 2.c4 c6 3.Nc3 d5 4.cxd5 cxd5 5.Nf3 Nc6 6.e3 g6 7.Be2 Bg7 8.O-O 
O-O 9.Ne5 Nb8 10.Qb3 e6 11.Nd3 Nbd7 12.Bd2 Qb6 13.Qc2 Qc7 14.Rfc1 Ne8 15.
Nxd5 Qxc2 16.Ne7+ Kh8 17.Rxc2 Nb6 18.Nxc8 Rxc8 19.Rxc8 Nxc8 20.Rc1 Nb6 21.
Bf3 Nd5 22.Bxd5 exd5 23.Bb4 Rg8 24.Nf4 Nf6 25.Rc7 a6 26.h3 b5 27.Nd3 Bf8 
28.Rxf7 Bg7 29.Rc7 Ra8 30.Nf4 Re8 31.Rc6 Ra8 32.Ne6 Re8 33.Nxg7 Kxg7 34.
Rxa6 Rc8 35.Bc5 Nd7 36.Ra7 Rd8 37.Bb6 1-0

[Event "30th WCh U20 Girls"]
[Site "Athens GRE"]
[Date "2012.08.15"]
[Round "13"]
[White "York-Andersen, Anna"]
[Black "Tuzi, Bruna"]
[Result "1-0"]
[WhiteElo "1828"]
[BlackElo "1546"]
[EventDate "2012.08.02"]
[PlyCount "71"]

1.e4 c5 2.c4 Nc6 3.Nc3 d6 4.g3 g6 5.Bg2 Bg7 6.Nge2 Nf6 7.O-O O-O 8.d3 Ne8 
9.Be3 Nc7 10.d4 cxd4 11.Nxd4 Bd7 12.Nde2 Rc8 13.b3 Ne6 14.Qd2 Ne5 15.h3 
Bc6 16.f4 Nd7 17.f5 gxf5 18.exf5 Bxg2 19.Kxg2 Nec5 20.Bh6 Bxh6 21.Qxh6 Kh8
22.Rf4 Rg8 23.Rh4 Rg7 24.Nf4 Qg8 25.Nh5 Rg5 26.Nd5 Re8 27.Re1 f6 28.Nxe7 
Qf8 29.Ng6+ Rxg6 30.Qxf8+ Rxf8 31.fxg6 hxg6 32.Nxf6+ Kg7 33.Nxd7 Nxd7 34.
Re7+ Rf7 35.Rh7+ Kxh7 36.Rxf7+ 1-0